000 00445nam a2200181Ia 4500
001 24899
005 20260414151114.0
008 260414t2005||||xx |||||||||||||| ||spa||
041 _aESP
082 _a346C4
_bC32
100 _aCastillo Freyre, Mario
_eAUT
245 0 _aNi urgente, ni necesario; más bien :
_bdefectuoso
260 _c2005
300 _a299 páginas :
_c\N
650 _aDER
654 _aCDE
942 _cLIB
_dJUS
_fJUS
_2ddc
_n
999 _c24899
_d24899